Povodne a financie

Ekonomické a finančné problémy súvisiace s odstraňovaním povodňových škôd a realizovaním preventívnych protipovodňových opatrení.

Saved in:
Bibliographic Details
Main Author: Borušovič, Štefan
Format: Book Chapter
Language:Slovak
Subjects:
Tags: Add Tag
No Tags, Be the first to tag this record!

MARC

LEADER 00000naa$a2200000$$$4500
001 0057106
005 20120904144227.1
041 0 |a slo 
044 |a SK 
245 1 0 |a Povodne a financie  |c Štefan Borušovič 
520 |a Ekonomické a finančné problémy súvisiace s odstraňovaním povodňových škôd a realizovaním preventívnych protipovodňových opatrení. 
610 2 0 |a vodohospodárstvo 
610 2 0 |a majetok 
610 2 0 |a podnik 
610 2 0 |a povodne 
610 2 0 |a škody 
610 2 0 |a financovanie 
610 2 0 |a opatrenia 
100 1 |a Borušovič, Štefan